[Event "VEN-ch U20 Girls"]
[Site "Maracay"]
[Date "2018.05.31"]
[Round "7"]
[White "Avila Castillo, Barbara Angelica"]
[Black "Salinas De Andrade, Cristina"]
[Result "0-1"]
[WhiteElo "1443"]
[BlackElo "1657"]
[PlyCount "80"]
[EventDate "2018.05.31"]
[EventType "swiss"]
[EventRounds "7"]
[EventCountry "VEN"]
[SourceTitle "EXT 2019"]
[Source "ChessBase"]
[SourceDate "2018.10.10"]
[SourceVersion "1"]
[SourceVersionDate "2018.10.10"]
[SourceQuality "1"]

1. d4 d5 2. c4 c6 3. Nc3 Nf6 4. Bf4 e6 5. a3 Nbd7 6. e3 Be7 7. h3 b6 8. Nf3 Bb7 9. Bd3 c5 10. Nb5 0-0 11. Nd6 Bxd6 12. Bxd6 Re8 13. 0-0 dxc4 14. Bxc4 Ne4 15. dxc5 Nexc5 16. Bb5 a6 17. Bxc5 axb5 18. Bb4 Rc8 19. Rc1 Rxc1 20. Qxc1 Bxf3 21. gxf3 Qg5+ 22. Kh2 Ne5 23. Qd1 Rd8 24. Qe2 Qh5 25. Kg2 Ng6 26. Kg3 Nh4 27. Be7 Nf5+ 28. Kh2 Nxe7 29. Rd1 Rxd1 30. Qxd1 Qd5 31. Qe2 Ng6 32. e4 Qe5+ 33. Kg1 Qg5+ 34. Kf1 Nf4 35. Qc2 Qg2+ 36. Ke1 Qg1+ 37. Kd2 Qxf2+ 38. Kc3 Qc5+ 39. Kb3 Nxh3 40. Qd3 g5 0-1

[Event "VEN-ch U20 Girls"]
[Site "Maracay"]
[Date "2018.05.31"]
[Round "2"]
[White "Salinas De Andrade, Cristina"]
[Black "Pena Gonzalez, Clara Isabel"]
[Result "1-0"]
[WhiteElo "1657"]
[BlackElo "1812"]
[PlyCount "106"]
[EventDate "2018.05.31"]
[EventType "swiss"]
[EventRounds "7"]
[EventCountry "VEN"]
[SourceTitle "EXT 2019"]
[Source "ChessBase"]
[SourceDate "2018.10.10"]
[SourceVersion "1"]
[SourceVersionDate "2018.10.10"]
[SourceQuality "1"]

1. e4 c5 2. d4 cxd4 3. c3 Nf6 4. e5 Nd5 5. cxd4 Nc6 6. Bc4 Nb6 7. Bb3 e6 8. Nf3 Be7 9. Nc3 0-0 10. 0-0 d6 11. Qe2 a6 12. Rd1 Qc7 13. Bf4 Na5 14. Bc2 f5 15. exf6 Bxf6 16. Bg5 Qe7 17. Qe4 g6 18. Bh6 Bg7 19. Bg5 Qf7 20. Qh4 Nc6 21. Be3 Bf6 22. Qg3 d5 23. Ne2 Nc4 24. Bc1 Qg7 25. b3 Nb6 26. Bb2 Bd8 27. Re1 Bc7 28. Qg5 Bd6 29. a4 Be7 30. Qg3 Bb4 31. Red1 Bd7 32. Ba3 Bxa3 33. Rxa3 Nb4 34. Rc1 Nxc2 35. Rxc2 Qe7 36. Ra1 Qb4 37. Ne5 Be8 38. Qh3 Qe7 39. Rac1 Bd7 40. Nxd7 Nxd7 41. Rc7 Rfb8 42. Qg4 Qf7 43. f3 h5 44. Qg3 Qg7 45. Qd6 Rd8 46. Rxb7 Re8 47. Rcc7 Re7 48. Qb4 e5 49. Qd6 exd4 50. Rxd7 Rxd7 51. Qxd7 Qxd7 52. Rxd7 Kh8 53. Nxd4 Rf8 1-0